LEADER 01388nam0 22002891i 450 001 UON00320720 005 20231205104139.91 100 $a20090216d1905 |0itac50 ba 101 $afre 102 $aFR 105 $a|||| 1|||| 200 1 $aManuel pour l'étude de la langue russe$etextes accentués, commentaire grammatical, remarques diverses en appendice$fpar Paul Boyer et N. Speranki 210 $aParis$cArmand Colin$d1905 215 $aXIV, 386 p.$d22 cm. 606 $aLingua russa$xGrammatica$3UONC038665$2FI 620 $aFR$dParis$3UONL002984 676 $a491.7$cLINGUA RUSSA$v21 700 1$aBOYER$bPaul$3UONV099716$0458207 701 1$aSPERANSKIJ$bN.$3UONV182742$0699039 712 $aColin$3UONV249042$4650 801 $aIT$bSOL$c20250502$gRICA 912 $aUON00320720 950 $aSIBA - SISTEMA BIBLIOTECARIO DI ATENEO$dSI FD RUSSO D 0148 $eSI MR 42184 7 0148 950 $aSIBA - SISTEMA BIBLIOTECARIO DI ATENEO$dSI RUSSO D 0174 $eSI MR 17492 7 0174 950 $aSIBA - SISTEMA BIBLIOTECARIO DI ATENEO$dSI RUSSO D 0170 $eSI MR 38857 7 0170 996 $aManuel pour l'étude de la langue russe$91372992 997 $aUNIOR